| 000 -LEADER | |
|---|---|
| fixed length control field | 00410nam a22001337a 4500 |
| 020 ## - INTERNATIONAL STANDARD BOOK NUMBER | |
| ISBN | 080282409 (v.1) |
| 050 ## - LIBRARY OF CONGRESS CALL NUMBER | |
| Classification number | BS 2312 |
| 100 ## - MAIN ENTRY--AUTHOR NAME | |
| Personal name | Horst Balz and Gerhard Schneider |
| 245 ## - TITLE STATEMENT | |
| Title | EXEGETICAL dictionary of the New Testatment; Vol.1 'Adpiuv - 'Eviux(Aaron - Henoch) |
| 260 ## - PUBLICATION, DISTRIBUTION, ETC. (IMPRINT) | |
| Place of publication | Grand RapidS |
| Name of publisher | Wm B. ecerdmans |
| Year of publication | 1990 |
| 300 ## - PHYSICAL DESCRIPTION | |
| Number of Pages | 471p,; |
| 942 ## - ADDED ENTRY ELEMENTS (KOHA) | |
| Koha item type | Books |
| 988 ## - PAGINATION/EXTENT | |
| PAGINATION/EXTENT | xxiv, includes bibliographical references |
| Koha item type | Collection code | Accession Number | Permanent Location | Current Location | Date acquired | Full call number |
|---|---|---|---|---|---|---|
| Books | Reference | 8409 | Chapman Library | Chapman Library | 2018-10-15 | BS 2312 |

